000
00226nam a2200097Ia 4500
008
231212s2003 xx 000 0 und d
041
_a
eng
100
_a
Sen P.C.
245
_a
Power Electronic
260
_a
Bombay
_b
Tata Mc
_c
2003
999
_c
969596
_d
969596